000 00573nam a2200217Ia 4500
003 IIN
005 20240208120848.0
008 231217s9999 xx 000 0 und d
020 _cRs. 550.00
_a 9789385274374
040 _aIIN
_bEnglish
082 _a611
_bDAT
100 1 _aDatta, A. K.
245 1 _aEssentials of Human Anatomy /
_cA. K. Datta
250 _a10th ed
260 _aKolkata :
_bCurrent Book International,
_c2018
300 _a[3], 4-356p.
440 _aThorax, Abdomen and Pelvis
_vVol.1
650 _aAnatomy
650 _aHuman anatomy
942 _cBOOK
999 _c323
_d323